Doing a Literature Search: A Comprehensive Guide for the Social Sciences. (Record no. 48)

MARC details
005 - DATE AND TIME OF LATEST TRANSACTION
control field 20250607100418.0
020 ## - INTERNATIONAL STANDARD BOOK NUMBER
International Standard Book Number 978-0-7619-6809-2
082 ## - DEWEY DECIMAL CLASSIFICATION NUMBER
Classification number 025.5 HAR
100 ## - MAIN ENTRY--PERSONAL NAME
Author name HART, C.
245 ## - TITLE STATEMENT
Title Doing a Literature Search: A Comprehensive Guide for the Social Sciences.
260 ## - PUBLICATION, DISTRIBUTION, ETC.
Place of publication, distribution, etc. New Delhi,
Name of publisher, distributor, etc. Sage,
Date of publication, distribution, etc. 2001.
300 ## - PHYSICAL DESCRIPTION
Extent xiii,194p.: ill.; figures, table
Other physical details Glossary, Index
Dimensions 24cm
942 ## - ADDED ENTRY ELEMENTS (KOHA)
Source of classification or shelving scheme Dewey Decimal Classification
Koha item type Books
Holdings
Date last seen Total checkouts Full call number Barcode Cost, replacement price Price effective from Koha item type Lost status Source of classification or shelving scheme Damaged status Not for loan Withdrawn status Home library Current library Shelving location Date acquired Cost, normal purchase price
03/06/2025   025.5 HAR 00000090 90000.00 03/06/2025 Books   Dewey Decimal Classification       College of Business Education Main Library College of Business Education Main Library Special Reserve Collection 06/11/2003 30000.00